000 00270cam a22000977a 4500
008 180718b1967 xxu||||| |||| 00| 0 eng d
082 _aL8x42 Un3gl
245 _aGlossary of management techniques
260 _aLondon
_bHer Majesty's Stationery Office
_c1967
300 _a26p.
999 _c500631
_d500631